Statistics for 50 Greatest South American Footballers Of All Time

Click here to take the quiz!

General Stats

  • This quiz has been taken 45 times
  • The average score is 23 of 50

Answer Stats

NoCountryAnswer% Correct
2BrazilPele
100%
1ArgentinaDiego Maradona
97%
3ArgentinaLionel Messi
97%
10BrazilRonaldinho
95%
4BrazilRonaldo
95%
18BrazilRoberto Carlos
82%
50ChileAlexis Sanchez
79%
30UruguayLuis Suarez
79%
37BrazilCafu
76%
36BrazilNeymar
76%
7BrazilMane Garrincha
71%
16BrazilKaka
68%
23BrazilRivaldo
68%
6BrazilZico
63%
48ChileArturo Vidal
61%
46ColombiaRadamel Falcao
61%
9BrazilRomario
61%
14ColombiaFalcao
58%
25ArgentinaJavier Zanetti
55%
5ArgentinaAlfredo Di Stefano
50%
38ArgentinaSergio Aguero
50%
19ColombiaCarlos Valderrama
47%
29ArgentinaGabriel Batistuta
47%
43ArgentinaJuan Roman Riquelme
47%
8BrazilSocrates
47%
22BrazilCarlos Alberto
45%
13BrazilJairzinho
42%
44ArgentinaJavier Mascherano
39%
15ArgentinaMario Kempes
39%
21ArgentinaDaniel Passarella
37%
40ArgentinaHernan Crespo
37%
41ArgentinaCarlos Tevez
32%
32ChileIvan Zamorano
29%
11BrazilRivellino
29%
39BrazilDani Alves
26%
33BrazilNilton Santos
26%
35PeruTeofilo Cubillas
26%
17BrazilDidi
24%
27ChileMarcelo Salas
24%
26BrazilBebeto
21%
31BrazilDjalma Santos
21%
42BrazilClaudio Taffarel
18%
47ParaguayJose Luis Chilavert
18%
34ChileElias Figueroa
16%
28BrazilGerson
16%
45ArgentinaRoberto Ayala
16%
20BrazilTostao
13%
24UruguayEnzo Francescoli
11%
12ArgentinaOmar Sivori
8%
49UruguayDiego Forian
0%

Score Distribution

Percentile by Number Answered

Percent of People with Each Score

Your Score History

You have not taken this quiz